| 000 | 00920cam a2200253 a 4500 | ||
|---|---|---|---|
| 001 | 2141823 | ||
| 005 | 20250221200730.0 | ||
| 008 | 980325s1999 maua b 001 0 eng | ||
| 020 | _a0072924470 (acid free paper) | ||
| 020 | _a0073655023 (Business Week ed. : acid free paper) | ||
| 020 | _a9780072924473 | ||
| 050 | 0 | 0 |
_aHD60 _b.F72 1999 |
| 082 | 0 | 0 |
_a658.4/08 _221 |
| 100 | 1 | _aPost, James E. | |
| 245 | 1 | 0 |
_aBusiness and society : _bcorporate strategy, public policy, ethics / _cJames E. Post, Anne T. Lawrence, James Weber. |
| 250 | _a9th ed. | ||
| 260 |
_aBoston, MA : _bIrwin/McGraw-Hill, _cc1999. |
||
| 300 |
_axxv, 545 p. : _bill. ; _c24 cm. |
||
| 500 | _aRev. ed. of Business and society. 8th ed. / James E. Post ... [et al.], c1996. | ||
| 650 | 0 | _aSocial responsibility of business. | |
| 700 | 1 | _aLawrence, Anne T. | |
| 700 | 1 |
_aWeber, James _c(Business ethics professor) |
|
| 942 |
_2lcc _cBK _e9th Ed. _n0 |
||
| 999 |
_c4079 _d4079 |
||